Sipos Júlia kérdéseire Csányi Vilmos válaszol
Elmentve itt :
| További közreműködők: | |
|---|---|
| Adatforrás: | Philobibl |
| Forrásdokumentuma: | Magyar Tudomány 170.2009:3. p. 258-261. |
| Dokumentumtípus: | Cikk |
| Nyelv: | magyar |
| Kulcsszavak: | Darwin evolúció |
| LEADER | 00369nab a2200133 c 4500 | ||
|---|---|---|---|
| 001 | bibPHI0037445 | ||
| 005 | 20200924123812.4 | ||
| 008 | 100408s2009 hu hun | ||
| 245 | 0 | 0 | |a Sipos Júlia kérdéseire Csányi Vilmos válaszol |
| 695 | |a Darwin | ||
| 695 | |a evolúció | ||
| 700 | 1 | |a Sipos Júlia | |
| 700 | 1 | |a Csányi Vilmos | |
| 773 | 0 | |t Magyar Tudomány |g 170.2009:3. p. 258-261. | |